ARRUPE JESUIT UNIVERSITY

CORONAVIRUS -STOP THE SPREAD - CLEAN,DISINFECT,COVER

Un monde idéal-- = (Record no. 124422)

MARC details
000 -LEADER
fixed length control field 00794cam a2200277Ia 4500
001 - CONTROL NUMBER
control field 4319317
003 - CONTROL NUMBER IDENTIFIER
control field ARRUPE
005 - DATE AND TIME OF LATEST TRANSACTION
control field 20160323084940.0
008 - FIXED-LENGTH DATA ELEMENTS--GENERAL INFORMATION
fixed length control field 040206s2001 sx 000 p fre d
020 ## - INTERNATIONAL STANDARD BOOK NUMBER
International Standard Book Number 9991622284
035 ## - SYSTEM CONTROL NUMBER
System control number (OCoLC)ocm54369833
035 ## - SYSTEM CONTROL NUMBER
System control number (NNC)4319317
040 ## - CATALOGING SOURCE
Original cataloging agency ZCU
Transcribing agency ZCU
041 1# - LANGUAGE CODE
Language code of text/sound track or separate title fre
-- eng
Language code of original and/or intermediate translations of text fre
050 #4 - LIBRARY OF CONGRESS CALL NUMBER
Classification number PQ3986
Item number .M66 2001
300 ## - PHYSICAL DESCRIPTION
Dimensions 21 cm.
245 13 - TITLE STATEMENT
Title Un monde idéal-- =
Remainder of title An ideal world--.
Statement of responsibility, etc University of Namibia.
246 31 - VARYING FORM OF TITLE
Title proper/short title Ideal world--
260 ## - PUBLICATION, DISTRIBUTION, ETC. (IMPRINT)
Place of publication, distribution, etc Windhoek :
Name of publisher, distributor, etc Out of Africa Publishers
Date of publication, distribution, etc 2001.
300 ## - PHYSICAL DESCRIPTION
Extent 57 p. ;
500 ## - GENERAL NOTE
General note Bilingual
546 ## - LANGUAGE NOTE
Language note Some poems translated into English.
650 #0 - SUBJECT ADDED ENTRY--TOPICAL TERM
Topical term or geographic name as entry element African poetry
9 (RLIN) 23135
710 2# - ADDED ENTRY--CORPORATE NAME
Corporate name or jurisdiction name as entry element University of Namibia.
Subordinate unit French Department.
9 (RLIN) 23136
942 ## - ADDED ENTRY ELEMENTS (KOHA)
Source of classification or shelving scheme Library of Congress Classification
Koha item type Monograph ( Printed materials)
Holdings
Withdrawn status Lost status Source of classification or shelving scheme Damaged status Not for loan Collection code Home library Current library Shelving location Date acquired Total Checkouts Full call number Barcode Date last seen Price effective from Koha item type
    Library of Congress Classification     Main Collection ARRUPE LIBRARY ARRUPE LIBRARY Main Collection 22/03/2016   PR9346 .M741 2001 46500007083 22/03/2016 22/03/2016 Monograph ( Printed materials)

 

Arrupe Library. PO Box MP320 Mt Pleasant, Harare, Zimbabwe
263 242 745411|librarian@aju.ac.zw